2025-2026 Buffalo Bills Roster - Statistics

General Stats
  • This quiz has been taken 33 times
  • The average score is 22 of 52
Answer Stats
Hint Answer % Correct
Running Back James Cook
100%
Quarterback Josh Allen
100%
Wide Receiver Khalil Shakir
96%
Tight End Dalton Kincaid
88%
Wide Receiver Keon Coleman
88%
Quarterback Mitchell Trubisky
88%
Tight End Dawson Knox
84%
Running Back Ray Davis
84%
Running Back Ty Johnson
72%
Cornerback Taron Johnson
68%
Wide Receiver Brandin Cooks
64%
Offensive Lineman Dion Dawkins
64%
Linebacker Matt Milano
60%
Fullback Reggie Gilliam
56%
Cornerback Tre’Davious White
56%
Safety Jordan Poyer
52%
Offensive Lineman Connor McGovern
48%
Defensive Lineman Greg Rousseau
48%
Defensive Lineman Joey Bosa
48%
Placekicker Matt Prater
48%
Tight End Jackson Hawes
44%
Offensive Lineman O’Cyrus Torrence
44%
Offensive Lineman Spencer Brown
44%
Cornerback Christian Benford
40%
Tight End Cole Bishop
40%
Safety Cole Bishop
40%
Offensive Lineman Sedrick Van Pran-Granger
36%
Linebacker Terrel Bernard
36%
Offensive Lineman Alec Anderson
32%
Offensive Lineman David Edwards
32%
Tight End Keleki Latu
32%
Cornerback Maxwell Hairston
32%
Long Snapper Reid Ferguson
32%
Linebacker Shaq Thompson
32%
Cornerback Dane Jackson
28%
Defensive Lineman A.J. Epenesa
24%
Defensive Lineman DaQuan Jones
24%
Linebacker Dorian Williams
24%
Punter Mitch Wishnowsky
24%
Defensive Lineman Deone Walker
20%
Cornerback Jordan Hancock
20%
Defensive Lineman Larry Ogunjobi
20%
Offensive Lineman Tylan Grable
20%
Cornerback Cam Lewis
16%
Offensive Lineman Ryan Van Demark
16%
Defensive Lineman T.J. Sanders
16%
Safety Darnell Savage Jr.
12%
Linebacker Joe Andreessen
12%
Linebacker Baylon Spector
8%
Defensive Lineman Phidarian Mathis
8%
Safety Sam Franklin Jr.
8%
Defensive Lineman Javon Solomon
4%
No matching quizzes found
Score Distribution
Percent of People with Each Score
Percentile by Number Answered
Your Score History
You have not taken this quiz